THYRISTOR (Record no. 581224)

000 -LEADER
fixed length control field 00268nam a22001217a 4500
082 ## - DEWEY DECIMAL CLASSIFICATION NUMBER
Classification number 621.3815287 THY'D
100 ## - MAIN ENTRY--PERSONAL NAME
Personal name D. A. T. A. BOOK
9 (RLIN) 75814
245 ## - TITLE STATEMENT
Title THYRISTOR
250 ## - EDITION STATEMENT
Edition statement 15TH
260 ## - PUBLICATION, DISTRIBUTION, ETC.
Place of publication, distribution, etc. CALIFORNIA
Name of publisher, distributor, etc. D. A. T. A. INC
Date of publication, distribution, etc. 1981
300 ## - PHYSICAL DESCRIPTION
Extent 366P
942 ## - ADDED ENTRY ELEMENTS (KOHA)
Koha item type Book
Holdings
Withdrawn status Lost status Damaged status Not for loan Permanent Location Current Location Shelving location Date acquired Total Checkouts Full call number Barcode Date last seen Price effective from Koha item type
        College of Electrical & Mechanical Engineering (CEME) College of Electrical & Mechanical Engineering (CEME) General Stacks 05/24/2017   621.3815287 THY'D CEME-12002 06/28/2021 06/28/2021 Book
© 2023 Central Library, National University of Sciences and Technology. All Rights Reserved.